1040 1292 1701 1526 1573 1863 1671 1343 1952 1681 1513 1654 1889 1674 1535 1844 1816 1420 1347 1522 1779 1806 1875 1674 1794 1953 1026 1609 1266 1177 1115 1377 1157 1448 1743 1425 1355 1972 1381 1055 1000 1482 1614 1943 1372 1682 1141 1420 1856 1804 1838 1121 1461 1423 1739 1016 1486 1767 1589 1980 1829 1450 1720 1268 1737 1175 1301 1769 1390 1604 1670 1869 1119 1256 1346 1671 1897 1144 1991 1192 1485 1302 1664 1548 1262 1183 1773 1088 1689 1602 1580 1209 1393 1092 1767 1111 1652 1037 1485 BCNSPRNW ULIB Ver.6.0+V

เปลี่ยนเป็นภาษาไทย

Change to English
 แสดงรายละเอียดบรรณานุกรม
  กลับหน้าหลัก

Brief Record : Get Marc (ISO 2709) : E-mail record : QR code < ปิดหน้าต่าง
LEADER : 00000nam 2200000 a 4500
001    13399113707
003     ULIB
008    110202s2553 th a 000 0 tha d
020    ^a9786169017332
050  4 ^aQH308.7^bส169ช ล2
100 1  ^aStarr, Cecie
245 10 ^aชีววิทยา 2 =^bBiology : concepts and applications /^cCecie
246 31 ^aBiology : concepts and applications
260    ^aกรุงเทพฯ :^bเซนเกจ เลินนิ่ง (ประเทศไทย) จำกัด,^c2553
300    ^a2 เล่ม :^bภาพประกอบ
650  4 ^aชีววิทยา
700 1  ^aพงษ์รัตน์ ดำรงโรจน์วัฒนา
945    ^p370^l0^i030840
995    ^a เกษร
999 ^a ใช้งานได้ทุกระบบ
รายการนี้ยังไม่มีแท็ก
คุณยังไม่ได้ล็อกอิน คุณสามารถมีกิจกรรมร่วมกับเว็บไซต์ได้ แต่ต้องล็อกอินก่อน ::
  ล็อกอิน

รายการสื่อสารสนเทศ

ลำดับที่ ประเภท เลขเรียก/บาร์โค้ด สถานที่ สถานะ
- ไม่พบข้อมูล -

รายการใกล้เคียง
    ผู้แต่ง [Starr, Cecie]

    หัวเรื่อง [ชีววิทยา]

BibComment


ยังไม่เคยถูกคอมเมนท์

คอมเมนท์ทรัพยากรรายการนี้
  คอมเมนท์: ชีววิทยา 2 Biol..


 Copyright 2026. Bcnsprnw @Library